Hodnotový systém prezidentského kandidáta

Bibliographic Details
Main Author: Dobrowolski, Tomasz (Author)
Format: Article
Language:Slovak
ISSN:1335-2741
Subjects:

MARC

LEADER 00000nab a2200000 a 4500
001 vtls009941565
003 SK-MaSNL
005 20260304163220.0
008 250507c2008 xo zr|p|||||||000 b|slo
015 |a SNBRB2009/08  |2 snkbucl 
035 |a (sysno)vtls009941565 
035 |a urn:nbn:sk:snk-ab75mm 
035 |a (uuid)2682ff77-ea53-46ea-819a-0880af5ad8dc 
035 |a (urnnbn)urn:nbn:sk:snk:ar-a06znq 
040 |a SNKBUCL  |b slo  |c SNKBUCL  |e AACR2 
041 0 |a slo 
044 |a xo  |c SK 
080 |a 342.511:17  |x (73)  |2 2001 
080 |a 32-051  |2 2001 
080 |a 929 Obama, Barack  |2 2001 
100 1 |a Dobrowolski, Tomasz  |4 aut  |9 1489906 
245 1 0 |a Hodnotový systém prezidentského kandidáta  |c Tomasz Dobrowolski 
504 |a Bibliogr. odkazy 
600 1 7 |a Obama, Barack,  |d 1961-  |2 snkbucl  |9 206063 
610 1 7 |a Spojené štáty americké.  |b Prezident (2009-2017 : Obama)  |2 snkbucl  |9 192201 
650 0 7 |a prezidenti  |2 snkbucl  |9 4128 
651 7 |a Spojené štáty americké  |2 snkbucl  |9 18262 
773 0 |t Politické vedy  |g Roč. XI, č. 3-4 (2008), s. 172-184  |x 1335-2741 
850 |a Slovenská národná knižnica 
852 |a Slovenská národná knižnica 
954 |a odborná, vedecká literatúra cudzojazyčná (svetová)  |2 lita 
958 |a article27 
958 |a US 
958 |a BC 
958 |a NB 
958 |a OND 
958 |a EUIPO 
999 |c 2977113  |d 2979043